| 000 | 00498 a2200181 4500 | ||
|---|---|---|---|
| 005 | 20260324160835.0 | ||
| 008 | 260324b |||||||| |||| 00| 0 eng d | ||
| 020 | _a9788178246888 | ||
| 040 | _cSDCL | ||
| 041 |
_2eng _aeng |
||
| 084 | _aY5927 R5 | ||
| 100 | _aRawat, Ramnarayan S. | ||
| 245 |
_aDalit Journeys for Dignity : _bReligion, Freedom, and Caste |
||
| 260 |
_aNew Delhi : _bPermanent Black, _c2025. |
||
| 300 | _axiv, 316p. | ||
| 490 | _aHistory and politics | ||
| 942 |
_cTEXL _2CC |
||
| 999 |
_c1726448 _d1726448 |
||